| 000 | 00837nam a22001937a 4500 | ||
|---|---|---|---|
| 999 |
_c61067 _d61067 |
||
| 005 | 20231213123347.0 | ||
| 008 | 231213s1983 ru ||||| |||| 00| 0 rus d | ||
| 041 | _arus | ||
| 080 | _a821.412'01.09-343 Л-61 | ||
| 100 |
_aЛипинская, Ядвига _920696 |
||
| 245 |
_aМифология Древнего Египта / _cЯдвига Липинская, Марек Марциняк. |
||
| 264 |
_aМосква : _bИскусство, _c1983. |
||
| 300 |
_a222 с. : _bил.; _c16 см. |
||
| 653 | _aეგვიპტური მითები | ||
| 653 | _aეგვიპტური ლეგენდები და ტრადიციები | ||
| 653 | _aეგვიპტური ფოლკლორი | ||
| 700 |
_aМарциняк, Марек _eავტორი _920697 |
||
| 942 |
_2udc _cᲬᲘᲒᲜᲘ |
||